|
|
|
|
| LEADER |
01023nta a2200229 i 4500 |
| 001 |
dipl119230 |
| 005 |
20211007080002.0 |
| 008 |
211006s2013 hu om 0|| zxx d |
| 040 |
|
|
|a SZTE Diploma Repozitórium
|b hun
|
| 041 |
|
|
|a zxx
|
| 100 |
1 |
|
|a Fényes Tamás
|
| 245 |
1 |
0 |
|a OBJ és MTL fájlok feldolgozása és megjelenítése webes eszközök felhasználásával
|h [elektronikus dokumentum] /
|c Tamás Fényes
|
| 260 |
|
|
|c 2013
|
| 650 |
|
4 |
|a Informatika
|
| 650 |
|
4 |
|a Natural sciences
|
| 650 |
|
4 |
|a Computer and information sciences
|
| 650 |
|
4 |
|a Computer sciences, information science and bioinformatics
|
| 650 |
|
4 |
|a Internet services & applications
|
| 700 |
1 |
|
|a Havasi Ferenc
|e ths
|
| 856 |
4 |
0 |
|u http://diploma.bibl.u-szeged.hu/id/eprint/119230/1/2013_fenyes_tamas.pdf
|z Dokumentum-elérés
|
| 856 |
4 |
0 |
|u http://diploma.bibl.u-szeged.hu/id/eprint/119230/2/2013_fenyes_tamas_biralat.pdf
|z Dokumentum-elérés
|
| 856 |
4 |
0 |
|u http://diploma.bibl.u-szeged.hu/id/eprint/119230/3/2013_fenyes_tamas_melleklet.tgz
|z Dokumentum-elérés
|